01364nam a22003257a 4500003000500000005001700005008004100022010001000063011001000073035001100083040000900094090001000103100004600113245019500159260004900354300002800403502010500431590003700536590004100573590004100614590004100655590004200696650001900738650003300757901000700790942001000797949006900807999001700876952014500893CHAP20220329143535.0100427s2009 mx a r 00010 spa d a98259 a99231 a109916 cCHAP aTesis1 aTovar Ortiz, María del Rocío.911441510aEstructura poblacional, usos y propagación del laurel silvestre (Litsea schaffneri Bartlet) en el área natural protegida Sierra de Álvarez, S.L.P.c/por María del Rocío Tovar Ortiz aSan Luis Potosí, S.L.P. :bEl autor,c2009 a52 h. :bcuadros, ilus. aTesis (Ing. Agroindustrial) -- Universidad Autónoma de San Luis Potosí. Facultad de Ingeniería aALEPHb10c20130110lUCH01h1534 aBATCH-UPDb10c20130110lUCH01h1537 aBATCH-UPDb10c20130410lUCH01h0941 aBATCH-UPDb10c20130914lUCH01h1715 aCONVERSIONb10c20130109lUCH01h135414aLaurel.96511414aPlantas aromáticas.988900 aBK cTESIS aTesisbBCcTESd33724002168629eTS1gDonaciØnh50454i109916sb c98259d98259 00102local4051708TESISaBCbBCcPA_TESISd2019-12-31eDonacionfTESISl0oTesisp33724002168629r2019-12-31 00:00:00w2019-12-31yTESIS